00379nam a22001217a 4500020001500000040000900015082001600024100001600040110004300056245009500099260003300194650003000227 a0071386246 cNUST a621.381 ELE aJohn, H.Lau aWong c.P Ning,Cheng Lee Ricky, Lee S.W aElectronics Manufacturing: bWith Lead Free, Halogen Free & Conductive- Adhesive Materials aAmericabMcgraw Hill,c2003. aElectronics Manufacturing